MARC

LEADER 00000nam^a2200000^a^4500
001 000193562
005 20250521000000.0
009 20260310102647.297
020 |a 0-03-033326-1 
037 |a Acervo ITESO - Biblioteca 
041 |a ING 
082 |a 331. 4094028  |b TIL 
100 |a Tilly, Louise A.  |e (autor) 
245 1 0 |a Women, Work, and Family /  |c L.A. Tilly, J.W. Scott ; pref. de M.B. Katz. 
264 4 |a Nueva York, EUA :  |b Holt, Rinehart and Winston,  |c 1978, c1978 
300 |a XIV, 274 p. 
336 |a texto  |b txt  |2 rdacontenido 
337 |a sin mediación  |b n  |2 rdamedio 
338 |a volumen  |b nc  |2 rdasoporte 
649 |a XX 
650 |a Mujeres -  |z Inglaterra -  |x Historia -  |x Tema Principal 
650 |a Mujeres -  |z Inglaterra -  |x Historia -  |x Siglo XIX 
650 |a Mujeres -  |z Inglaterra -  |x Historia -  |x Siglo XX 
650 |a Mujeres -  |z Francia -  |x Historia -  |x Tema Principal 
650 |a Mujeres -  |z Francia -  |x Historia -  |x Siglo XIX 
650 |a Mujeres -  |z Francia -  |x Historia -  |x Siglo XX 
650 |a Mujeres -  |x Condiciones Laborales 
650 |a Mujeres -  |x Condiciones Económicas 
650 |a Inserción y Reinserción Laboral -  |z Inglaterra 
650 |a Inserción y Reinserción Laboral -  |z Francia 
650 |a Ocupaciones (Economía) -  |z Inglaterra 
650 |a Ocupaciones (Economía) -  |z Francia 
650 |a Industrialización -  |z Inglaterra 
650 |a Industrialización -  |z Francia 
650 |a Demografía -  |z Inglaterra 
650 |a Demografía -  |z Francia 
650 |a Economía Familiar -  |z Inglaterra 
650 |a Economía Familiar -  |z Francia 
650 |a Economía Laboral -  |z Inglaterra 
650 |a Economía Laboral -  |z Francia 
650 |a Inglaterra -  |x Historia 
650 |a Francia -  |x Historia 
700 |a Scott, Joan W.  |e (autor) 
910 |a Fondo General 
920 |a Impresos - Libros 
930 |a Colección General 
905 |a 101 
901 |a 0500138453  |b IT1  |c ACC  |u 20250521 
902 |a https://opac.biblio.iteso.mx/vufind/Record/000193562